| 000 | 01019nam a22002057a 4500 | ||
|---|---|---|---|
| 999 |
_c1439 _d1439 |
||
| 001 | 19199 | ||
| 003 | BD-DhUAP | ||
| 005 | 20210121111037.0 | ||
| 008 | 200206r20152014bg ||||| |||| 00| 0 ben d | ||
| 020 | _a9789848770085 | ||
| 040 |
_aBD-DhUAP _bEng _cBD-DhUAP _dBD-DhUAP |
||
| 082 |
_223 _a345.54920277 KHA |
||
| 100 | _aখান, মোঃ মোসলেম উদ্দিন। | ||
| 245 |
_aমাদকদ্রব্য নিয়ন্ত্রণ আইন ও বিধিমালা এবং ড্রাগ (নিয়ন্ত্রণ) অধ্যাদেশ = Narcotics control and drugs acts / _cমোঃ মোসলেম উদ্দিন খান। |
||
| 250 | _a২য় সং.। | ||
| 260 |
_aঢাকা : _bশরফুদ্দিন ল' বুক কোম্পানি, _cc২০১৪ [মুদ্রণ ২০১৫]। |
||
| 300 |
_a৪৩১ পৃষ্ঠা ; _c২২ সেমি.। |
||
| 650 |
_aNarcotics law _vCriminal provision _zBangladesh. |
||
| 942 |
_2ddc _cBK |
||